LEADER 00933nam 2200337 450 001 990000876940203316 035 $a0087694 035 $aUSA010087694 035 $a(ALEPH)000087694USA01 035 $a0087694 100 $a20020116d1986----km-y0itay0103----ba 101 $aita 102 $aIT 105 $a||||||||001yy 200 1 $a<> ore, i giorni e gli anni come il vento$fSaverio Saluzzi 210 $aModica$cModerna$d1986 215 $a22 p.$d22 cm 410 $12001 461 1$1001-------$12001 676 $a851.914 700 1$aSALUZZI,$bSaverio$0185297 801 0$aIT$bsalbc$gISBD 912 $a990000876940203316 951 $aV MISC 14/30$b25756 LM$cV MISC 959 $aBK 969 $aUMA 979 $aPATTY$b90$c20020116$lUSA01$h1040 979 $c20020403$lUSA01$h1732 979 $aPATRY$b90$c20040406$lUSA01$h1700 996 $aOre, i giorni e gli anni come il vento$998284 997 $aUNISA